花落蓮成

資料類型: Book 圖書   書目號:32505

Leader xxxxxxxxxx
001 __ 85038301
005 __ 19960814190650.0
008 __                                    chi  
010 0_ |a|b|dNT﹩100
100 __ |a19920527d1977     bb 1chiy0109    e.
101 __ |achi
102 __ |acw.
105 __ |ayyyyzzzz000ay.
200 1_ |a花落蓮成|e|f姜貴著.
205 __ |a再版.
210 __ |a臺北市|c遠景|d民66.
215 0_ |a3, 198面|c|d19公分.
225 0_ |a遠景叢刊|v64.
260 1_ |a1977.
300 __ |a
681 __ |a857.7.
700 _1 |a|b|4著.
702 __ |a|b|4
801 _0 |bTML.
詳細館藏(共 1 筆)
索 書 號登 錄 號冊次號館別 / 館藏地流通類型狀態加入預約清單電子資源
857.7. / 8340 2013061  圖書館 / 一樓普通區 可外借30天 在館   

| 條列資料




目錄查詢 分類查詢 個人資料 圖書薦購 新書查詢 閉館日 排行榜 更多電子資源 Hami書城 線上資料庫 登出

From : 216.73.217.87

  本日流通累計至 01:21:53 借閱 : 0 次 續借 : 0 次 歸還 : 0 次 預約 : 0 次 電子資源 : 0 次


內湖高中圖書館  PCLIS 版本  26.5.0.12